Zahraničný cestovný ruch za 4. štvrťrok 2005

Enregistré dans:
Détails bibliographiques
Format: Livre
Langue:slovaque
anglais
Publié: Bratislava Štatistický úrad Slovenskej republiky 2006
Sujets:
Tags: Ajouter un tag
Pas de tags, Soyez le premier à ajouter un tag!

MARC

LEADER 00000nam$a2200000$$$4500
001 0038662
005 20251208095902.4
041 0 |a slo 
041 0 |a eng 
044 |a SK 
245 1 0 |a Zahraničný cestovný ruch za 4. štvrťrok 2005 
264 1 |a Bratislava  |b Štatistický úrad Slovenskej republiky  |c 2006 
300 |a 13 s. 
610 2 0 |a Slovensko 
610 2 0 |a ruch cestovný zahraničný